00547nam a2200133Ia 4500008004100000020001800041082002200059100003700081245018000118250001100298260002400309300001400333650006600347120622s9999 xx 000 0 und d a968-432-100-7 a345.02 P843d 1982 aPorte Petit Candaudap, Celestino aDogmática sobre los delitos contra la vida y la salud personal : estudio comparativo con los Códigos Penales de las Entidades Federativas / Celestino Porte Petit Candaudap a7a. ed aMéxico : Porrúa axx, 496 p a1. DELITOS 2. DELITOS CONTRA LA PERSONA 3. DERECHO PENALÌ